000 01651nam0a22003011 4500
001 rc\4327521
005 20260407141245.0
021 _aRU
_b67-97016
021 _aRU
_bРг33-68
035 _a(NLR Aleph) 008268870
090 _a8443517
_c8443517
100 _a20130416d1967 |||y0rusy50 ca
101 0 _arus
102 _aRU
105 _ay z |||||
200 1 _aТезисы сводного доклада Гипроводхоза [по сокращению объема и улучшению оформления проектно-сметной документации]
_fМ-во мелиорации и водного хоз-ва СССР. Главводпроект. Гипроводхоз. Семинар по вопросам сокращения объема и улучшения оформления проектно-сметной документации. Таллин, 3-6 окт. 1967 г.
210 _aМосква
_cБ. и.
_d1967
215 _a15 с.
_d20
300 _aАвт. указан на 1-й с. текста
300 _aОтпеч. множит. аппаратом
700 1 _aВолынов
_bА.М.
_gАнатолий Михайлович
712 0 2 _aСеминар по сокращению объема и улучшению оформления проектно-сметной документации в водохозяйств. строительстве (1967; Таллин)
712 0 2 _a"Гипроводхоз", институт
_cМосква
_3RU\NLR\AUTH\8810008906
_9515541
801 0 _aRU
_bNLR
_gpsbo
801 1 _aRU
_bELAR
_2rusmarc
852 _aNLR
_j67-4/24072
942 _cBOOK
980 _aNB